[Event "Hong Kong Jolimark op"]
[Site "Hong Kong"]
[Date "2016.12.29"]
[Round "7"]
[White "Karaivanov, Alexander"]
[Black "Song, Estella"]
[Result "1/2-1/2"]
[WhiteElo "1882"]
[BlackElo "1541"]
[PlyCount "139"]
[EventDate "2016.12.26"]
[EventType "swiss"]
[EventRounds "9"]
[EventCountry "HKG"]
[SourceTitle "CBM 176 Extra"]
[Source "ChessBase"]
[SourceDate "2017.03.02"]
[SourceVersion "1"]
[SourceVersionDate "2017.03.02"]
[SourceQuality "1"]

1. d4 d5 2. Bf4 Nf6 3. e3 Bf5 4. c4 c6 5. Nc3 e6 6. Qb3 Qb6 7. c5 Qxb3 8. axb3 Nbd7 9. h3 Be7 10. b4 a6 11. b5 cxb5 12. Nxb5 0-0 13. Nd6 Bxd6 14. Bxd6 Rfc8 15. Nf3 Ne4 16. Bh2 h6 17. Be2 Re8 18. Ne5 Nxe5 19. Bxe5 f6 20. Bh2 Ng5 21. h4 Nf7 22. Kd2 Rac8 23. Rhc1 e5 24. b4 Bd7 25. e4 Bc6 26. dxe5 Nxe5 27. Bxe5 Rxe5 28. exd5 Rxd5+ 29. Kc3 Re5 30. Bc4+ Kh8 31. g3 Rce8 32. Rc2 Kh7 33. h5 R8e7 34. g4 Bf3 35. Bd3+ Kg8 36. Rg1 Kf8 37. Bg6 Re2 38. Bf5 Rxc2+ 39. Kxc2 Be4+ 40. Bxe4 Rxe4 41. Kc3 Ke7 42. Rg3 Kd7 43. Rd3+ Kc7 44. Rd4 Re2 45. f3 Re3+ 46. Rd3 Rxd3+ 47. Kxd3 Kc6 48. Kc4 b6 49. cxb6 Kxb6 50. Kb3 Kb5 51. Kc3 Ka4 52. Kc4 Ka3 53. f4 Kb2 54. f5 Kc2 55. Kd5 Kb3 56. Ke6 Kxb4 57. Kf7 a5 58. Kxg7 a4 59. g5 hxg5 60. h6 a3 61. h7 a2 62. h8Q a1Q 63. Kg6 g4 64. Qh4 Qd4 65. Kh5 Kc5 66. Qxg4 Qxg4+ 67. Kxg4 Kd4 68. Kf3 Ke5 69. Ke3 Kxf5 70. Kf3 1/2-1/2

[Event "Hong Kong Jolimark op"]
[Site "Hong Kong"]
[Date "2016.12.26"]
[Round "2"]
[White "Shoker, Samy"]
[Black "Karaivanov, Alexander"]
[Result "1-0"]
[WhiteElo "2492"]
[BlackElo "1882"]
[PlyCount "61"]
[EventDate "2016.12.26"]
[EventType "swiss"]
[EventRounds "9"]
[EventCountry "HKG"]
[SourceTitle "CBM 176 Extra"]
[Source "ChessBase"]
[SourceDate "2017.03.02"]
[SourceVersion "1"]
[SourceVersionDate "2017.03.02"]
[SourceQuality "1"]

1. c4 c6 2. Nf3 Nf6 3. g3 d5 4. Bg2 Bf5 5. cxd5 cxd5 6. Qb3 Qc8 7. Nc3 e6 8. 0-0 Be7 9. d3 0-0 10. Bf4 Nc6 11. Rac1 Qd7 12. e4 Bg4 13. Ne5 Nxe5 14. Bxe5 b6 15. exd5 Rac8 16. d4 exd5 17. Nxd5 Nxd5 18. Bxd5 Bd6 19. Rxc8 Rxc8 20. Bxd6 Qxd6 21. Bxf7+ Kh8 22. d5 Rf8 23. Be6 Bf3 24. Rc1 h5 25. Rc3 Be2 26. Qa3 Qb8 27. d6 b5 28. Qc5 b4 29. Re3 Bd1 30. f3 g6 31. Qd4+ 1-0

[Event "World Amateur-ch U2000"]
[Site "Chalkidiki"]
[Date "2016.04.21"]
[Round "3"]
[White "Said, Ahmed Ali Jidal Fad"]
[Black "Karaivanov, Alexander"]
[Result "1/2-1/2"]
[WhiteElo "1936"]
[BlackElo "1895"]
[PlyCount "100"]
[EventDate "2016.04.19"]
[EventType "swiss"]
[EventRounds "9"]
[EventCountry "GRE"]
[SourceTitle "CBM 172 Extra"]
[Source "ChessBase"]
[SourceDate "2016.06.21"]
[SourceVersion "1"]
[SourceVersionDate "2016.06.21"]
[SourceQuality "1"]

1. d4 Nf6 2. Nf3 e6 3. g3 d5 4. Bg2 Be7 5. 0-0 0-0 6. c4 dxc4 7. Qc2 Nc6 8. Qxc4 Bd7 9. Ne5 Rc8 10. Nxc6 Bxc6 11. Bxc6 bxc6 12. Nc3 Qd7 13. Bg5 Rb8 14. b3 Rb4 15. Qa6 Qxd4 16. Qxc6 Qb6 17. Qf3 c5 18. Rab1 Qa6 19. e4 Qb7 20. Rfe1 Rc8 21. Qe2 h6 22. Bxf6 Bxf6 23. e5 Be7 24. h4 Rd8 25. Red1 Rbd4 26. Rxd4 Rxd4 27. Rd1 Qb4 28. Rc1 c4 29. bxc4 Rxc4 30. Qe1 Qb2 31. Ne2 Rxc1 32. Nxc1 Ba3 33. Nd3 Qxa2 34. Qe4 Qb1+ 35. Kg2 Qb6 36. Qa8+ Kh7 37. Qe4+ g6 38. h5 Qd8 39. hxg6+ fxg6 40. Nf4 Qe8 41. Qb7+ Qe7 42. Qc6 a5 43. Nxe6 Bb4 44. Nf4 Qg7 45. e6 Qe7 46. Qe4 Qe8 47. Nd5 Be7 48. Nf4 a4 49. Qb7 Kg7 50. Nd5 Kf8 1/2-1/2

[Event "Barcelona Sants op 16th"]
[Site "Barcelona"]
[Date "2014.08.22"]
[Round "1"]
[White "Gullaksen, Eirik Tvedt"]
[Black "Karaivanov, Alexander"]
[Result "1-0"]
[WhiteElo "2361"]
[BlackElo "1938"]
[PlyCount "93"]
[EventDate "2014.08.22"]
[EventType "swiss"]
[EventRounds "10"]
[EventCountry "ESP"]
[SourceTitle "CBM 162 Extra"]
[Source "ChessBase"]
[SourceDate "2014.10.17"]
[SourceVersion "1"]
[SourceVersionDate "2014.10.17"]
[SourceQuality "1"]

1. e4 d6 2. d4 Nf6 3. Nc3 e5 4. Nf3 Nbd7 5. Bc4 Be7 6. 0-0 Nb6 7. Bb3 exd4 8. Qxd4 0-0 9. h3 Nfd7 10. Bf4 Bf6 11. Qd2 Re8 12. Rfe1 Nc5 13. Rad1 Nxb3 14. cxb3 Be6 15. Nd4 Bd7 16. a4 Bxd4 17. Qxd4 Bc6 18. Re3 Nd7 19. Rg3 Qf6 20. Qe3 Nf8 21. Bg5 Qe6 22. Qd4 Ng6 23. b4 f6 24. Bc1 b6 25. Re3 Bb7 26. Re2 Ne5 27. b5 Qc4 28. Be3 Rad8 29. Rc2 Qb3 30. Rdc1 c5 31. bxc6 Nxc6 32. Qd5+ Qxd5 33. Nxd5 Rxe4 34. Rxc6 Bxc6 35. Rxc6 Rxa4 36. Rc7 Kf8 37. Kh2 Ra5 38. Nf4 Re8 39. Rd7 Rb5 40. Rxa7 Rxb2 41. Rd7 Re7 42. Rxd6 Rb7 43. h4 Rb5 44. Nd5 h5 45. Nxb6 Ke7 46. Nc8+ Ke8 47. Rd2 1-0